[Event "XXV C.to Italiano femminile"]
[Site "Cesenatico ITA"]
[Date "1998.09.01"]
[Round "3"]
[White "Costantini, Laura"]
[Black "Cucoch, Marisa"]
[Result "1-0"]
[WhiteElo "1540"]
[BlackElo "1395"]
[PlyCount "135"]
[EventDate "1998.08.30"]

1.e4 Nc6 2.Nc3 Nf6 3.Nf3 e6 4.d4 Bb4 5.Bd3 h6 6.Bd2 d5 7.e5 Nd7 8.Ne2 
Bxd2+ 9.Qxd2 Ne7 10.Nc3 c5 11.Nb5 O-O 12.c3 c4 13.Bb1 f5 14.Nd6 Ng6 15.O-O
Rb8 16.b3 b5 17.Bc2 a6 18.Rfb1 Qc7 19.Ne1 Nb6 20.Bd1 f4 21.Qc2 Nh4 22.Bg4 
Qe7 23.g3 fxg3 24.fxg3 Qg5 25.Qe2 Nf5 26.Bxf5 exf5 27.Nf3 Qe7 28.Rf1 Be6 
29.Qc2 g5 30.Rae1 Kg7 31.h4 f4 32.hxg5 hxg5 33.gxf4 Rxf4 34.Nh2 Rbf8 35.
Qg2 Rxf1+ 36.Rxf1 Rxf1+ 37.Qxf1 g4 38.Nf5+ Bxf5 39.Qxf5 g3 40.Qg4+ Kf7 41.
Qxg3 cxb3 42.axb3 a5 43.Qf3+ Ke6 44.Qg4+ Kf7 45.Qh5+ Ke6 46.Qg6+ Kd7 47.
Qf5+ Qe6 48.Qd3 Kc6 49.Qb1 a4 50.bxa4 Nxa4 51.Qc2 Nb6 52.Qd3 Na4 53.Kf2 
Nb2 54.Qc2 Nc4 55.Nf3 Qh6 56.Qd3 Nb6 57.Qf5 Nd7 58.Qg5 Qe6 59.Qg7 Kb6 60.
Ke3 Ka5 61.Ng5 Qg4 62.Qe7 Qg1+ 63.Kf4 Qc1+ 64.Kf5 Qxc3 65.Qxd7 Qxd4 66.e6 
b4 67.e7 b3 68.e8=Q 1-0

[Event "XXV C.to Italiano femminile"]
[Site "Cesenatico ITA"]
[Date "1998.09.01"]
[Round "3"]
[White "De Maio, Anna"]
[Black "Ambrosi, Eleonora"]
[Result "0-1"]
[WhiteElo "1489"]
[BlackElo "1500"]
[PlyCount "54"]
[EventDate "1998.08.30"]

1.e4 e6 2.d4 d5 3.e5 c5 4.c3 Nc6 5.Nf3 Qb6 6.Be2 cxd4 7.cxd4 Nh6 8.b3 Nf5 
9.Bb2 Bb4+ 10.Kf1 O-O 11.Qd3 Bd7 12.Ng5 Ncxd4 13.g4 Nxe2 14.a4 Nf4 15.Qf3 
Qa6+ 16.Kg1 Ne2+ 17.Kg2 Nh4+ 18.Kh3 Nxf3 19.Nxf3 Nf4+ 20.Kg3 Ng6 21.Ba3 
Bxa3 22.Nxa3 Rac8 23.Rhe1 Rc3 24.Rab1 f6 25.Kg2 fxe5 26.Re3 Rxe3 27.fxe3 
Qe2+ 0-1

[Event "XXV C.to Italiano femminile"]
[Site "Cesenatico ITA"]
[Date "1998.09.01"]
[Round "3"]
[White "Parrino, Giuseppina"]
[Black "Riegler, Alessandra"]
[Result "0-1"]
[WhiteElo "1840"]
[BlackElo "2030"]
[PlyCount "54"]
[EventDate "1998.08.30"]

1.c4 g6 2.Nc3 Bg7 3.e4 d6 4.Nf3 Nc6 5.d4 e5 6.dxe5 Nxe5 7.Be2 Ne7 8.Qb3 
O-O 9.Bg5 h6 10.Bh4 Nxf3+ 11.Bxf3 g5 12.Bg3 Be6 13.O-O-O Nc6 14.Qxb7 Na5 
15.Qa6 Nxc4 16.e5 Rb8 17.exd6 Rxb2 18.dxc7 Qf6 19.Rd3 Rd2 20.Rd1 Rxd1+ 21.
Bxd1 g4 22.Qb5 h5 23.Qc5 Qh6+ 24.Kc2 Bxc3 25.Rxc3 Qd2+ 26.Kb3 Qb2+ 27.Ka4 
Bd7+ 0-1

[Event "XXV C.to Italiano femminile"]
[Site "Cesenatico ITA"]
[Date "1998.09.01"]
[Round "3"]
[White "Sorrentino, Maria"]
[Black "Barbiso, Tiziana"]
[Result "0-1"]
[WhiteElo "1573"]
[BlackElo "1846"]
[PlyCount "78"]
[EventDate "1998.08.30"]

1.d4 d5 2.c4 e6 3.Nc3 Nf6 4.cxd5 exd5 5.e3 c6 6.Bd3 Bd6 7.Nge2 O-O 8.e4 
dxe4 9.Nxe4 Nxe4 10.Bxe4 Bf5 11.Bxf5 Qa5+ 12.Bd2 Qxf5 13.O-O Re8 14.Re1 
Nd7 15.Rc1 Nf6 16.Qc2 Bxh2+ 17.Kxh2 Qh5+ 18.Kg1 Rxe2 19.Rxe2 Qxe2 20.Be3 
Qh5 21.Qc5 Qd5 22.b3 Qxc5 23.dxc5 Re8 24.Kf1 Nd5 25.Bd2 Kf8 26.Re1 Rxe1+ 
27.Kxe1 Ke7 28.Ke2 Ke6 29.Kd3 Ke5 30.a3 Nf4+ 31.Bxf4+ Kxf4 32.Kd4 h5 33.b4
g5 34.a4 a6 35.a5 h4 36.Kd3 g4 37.Ke2 h3 38.Kf1 h2 39.g3+ Kf3 0-1

[Event "XXV C.to Italiano femminile"]
[Site "Cesenatico ITA"]
[Date "1998.09.02"]
[Round "4"]
[White "Agosto, Erika"]
[Black "Costantini, Laura"]
[Result "1-0"]
[WhiteElo "2040"]
[BlackElo "1540"]
[PlyCount "83"]
[EventDate "1998.08.30"]

1.e4 e5 2.Nf3 d6 3.d4 exd4 4.Nxd4 Nf6 5.Nc3 Be7 6.Be2 O-O 7.O-O Re8 8.f4 
Bf8 9.Bf3 Nbd7 10.Re1 Nc5 11.Bd2 c6 12.b3 Qb6 13.Kh1 Ncxe4 14.Nxe4 Nxe4 
15.Bxe4 Qxd4 16.Bxh7+ Kxh7 17.Rxe8 Bg4 18.Qxg4 Qxa1+ 19.Re1 Qxa2 20.Qf5+ 
Kg8 21.Bc3 Qa6 22.h4 Qb6 23.Qg4 Qc5 24.Qf3 Qf5 25.Re2 g6 26.Bb2 Qd7 27.Qc3
f6 28.Qxf6 Qg7 29.Qe6+ Qf7 30.Qe4 d5 31.Qe5 Bg7 32.Qxg7+ Qxg7 33.Bxg7 Kxg7
34.Re7+ Kf6 35.Rxb7 Kf5 36.Rf7+ Ke6 37.Rc7 Kf5 38.Rxc6 Rb8 39.g3 Re8 40.
Kg2 d4 41.Rc5+ Kf6 42.Kf2 1-0

[Event "XXV C.to Italiano femminile"]
[Site "Cesenatico ITA"]
[Date "1998.09.02"]
[Round "4"]
[White "Ambrosi, Eleonora"]
[Black "Capuano, Francesca"]
[Result "0-1"]
[WhiteElo "1500"]
[BlackElo "1630"]
[PlyCount "64"]
[EventDate "1998.08.30"]

1.e4 e5 2.Nf3 Nf6 3.Nxe5 d6 4.Nf3 Nxe4 5.d4 d5 6.Bd3 Be7 7.O-O Nc6 8.Be3 
Bg4 9.h3 Bh5 10.c3 f5 11.Be2 O-O 12.Ne5 Bxe2 13.Qxe2 f4 14.Bd2 Nxe5 15.
dxe5 Bc5 16.Qg4 Qe8 17.b4 Bb6 18.a4 a6 19.a5 Ba7 20.Qe2 Ng3 21.Qe1 Nxf1 
22.Kxf1 Qb5+ 23.Kg1 Qd3 24.Na3 Qe4 25.Qxe4 dxe4 26.Re1 Rad8 27.Bc1 Rd3 28.
c4 e3 29.f3 e2+ 30.Kh2 Rd1 31.Nc2 Bf2 32.Rxe2 Bg3# 0-1

[Event "XXV C.to Italiano femminile"]
[Site "Cesenatico ITA"]
[Date "1998.09.02"]
[Round "4"]
[White "Barbiso, Tiziana"]
[Black "Parrino, Giuseppina"]
[Result "0-1"]
[WhiteElo "1846"]
[BlackElo "1840"]
[PlyCount "78"]
[EventDate "1998.08.30"]

1.e4 c5 2.c3 e6 3.Nf3 Qc7 4.Bc4 Nc6 5.O-O a6 6.a4 b6 7.d4 cxd4 8.cxd4 Bb7 
9.Nc3 Nb4 10.Bb3 Nf6 11.Re1 Rc8 12.Bd2 Nd3 13.Re2 Nxb2 14.Qb1 Nc4 15.Bxc4 
Qxc4 16.Qxb6 Qc7 17.Qb3 Be7 18.Rc1 Bc6 19.d5 Bb7 20.Nb5 Qb8 21.Nc3 O-O 22.
d6 Bxd6 23.e5 Bxf3 24.Qxb8 Bxb8 25.gxf3 Ne8 26.Rb1 d5 27.Nxd5 exd5 28.Bb4 
Ba7 29.Bxf8 Kxf8 30.Rd2 d4 31.f4 g6 32.Kg2 Rc7 33.Kf3 Ng7 34.Rdb2 Ne6 35.
Rb3 Rc3+ 36.Rxc3 dxc3 37.Rc1 c2 38.Ke4 Nc5+ 39.Kd5 Nd3 0-1

[Event "XXV C.to Italiano femminile"]
[Site "Cesenatico ITA"]
[Date "1998.09.02"]
[Round "4"]
[White "Riegler, Alessandra"]
[Black "Scagliarini, Valentina"]
[Result "1/2-1/2"]
[WhiteElo "2030"]
[BlackElo "1762"]
[PlyCount "81"]
[EventDate "1998.08.30"]

1.e4 e6 2.d4 d5 3.Nc3 Bb4 4.e5 c5 5.a3 Bxc3+ 6.bxc3 Qc7 7.Nf3 Nc6 8.Be3 
Nge7 9.Bd3 c4 10.Be2 Bd7 11.O-O f6 12.exf6 gxf6 13.Nh4 O-O-O 14.Qd2 Rhg8 
15.Bf4 e5 16.Bg3 Qa5 17.Rfd1 Be6 18.Qe3 Nf5 19.Nxf5 Bxf5 20.Qd2 Kb8 21.
Rab1 Nxd4 22.Qxd4 Bxc2 23.Qh4 Bxb1 24.Rxb1 Qxc3 25.Qxf6 Qc2 26.Qxe5+ Ka8 
27.Qb2 Qxb2 28.Rxb2 c3 29.Rc2 d4 30.Bd3 Rge8 31.Kf1 Rd5 32.Bf4 a6 33.f3 
Rd7 34.Re2 Red8 35.Ke1 b5 36.Kd1 Ka7 37.Re6 Rf8 38.Bg3 Rff7 39.Re8 Kb6 40.
Re6+ Ka5 41.Kc2 1/2-1/2

[Event "XXV C.to Italiano femminile"]
[Site "Cesenatico ITA"]
[Date "1998.09.02"]
[Round "5"]
[White "Capuano, Francesca"]
[Black "Barbiso, Tiziana"]
[Result "1/2-1/2"]
[WhiteElo "1630"]
[BlackElo "1846"]
[PlyCount "30"]
[EventDate "1998.08.30"]

1.d4 d5 2.Nf3 Nf6 3.c4 e6 4.cxd5 exd5 5.Nc3 c6 6.Qc2 Bd6 7.Bg5 Bg4 8.e3 
Nbd7 9.Bd3 Qc7 10.h3 Bh5 11.Nh4 Bg6 12.Nf5 Bxf5 13.Bxf5 h6 14.Bxf6 Nxf6 
15.O-O O-O 1/2-1/2

[Event "XXV C.to Italiano femminile"]
[Site "Cesenatico ITA"]
[Date "1998.09.02"]
[Round "5"]
[White "Costantini, Laura"]
[Black "De Maio, Anna"]
[Result "1/2-1/2"]
[WhiteElo "1540"]
[BlackElo "1489"]
[PlyCount "113"]
[EventDate "1998.08.30"]

1.e4 e5 2.Nf3 Nc6 3.Bc4 Nf6 4.Nc3 Bb4 5.d3 O-O 6.O-O d6 7.Bg5 Bxc3 8.bxc3 
h6 9.Bh4 Na5 10.Bb3 b5 11.d4 exd4 12.cxd4 g5 13.e5 Nxb3 14.axb3 gxh4 15.
exf6 Qxf6 16.h3 Bb7 17.d5 c5 18.dxc6 Bxc6 19.Qd4 Qxd4 20.Nxd4 Bd7 21.Rfd1 
Kh7 22.Nf3 Rg8 23.Kh2 Bf5 24.Nd4 Be4 25.f3 Bg6 26.Re1 Rac8 27.Nxb5 Rxc2 
28.Nxd6 Rc6 29.Nc4 a6 30.Re7 Rf6 31.Ne5 Kg7 32.Rb7 Rd8 33.Ra7 Rdd6 34.Rc1 
Rde6 35.Ng4 Rf4 36.Ra1 h5 37.Nf2 Re2 38.Kg1 Rb2 39.R1xa6 Rxb3 40.Ra4 Rxa4 
41.Rxa4 Rb1+ 42.Kh2 Rf1 43.Nh1 Kf6 44.Rxh4 Kg5 45.Rb4 h4 46.Rb2 Re1 47.Nf2
Bf5 48.g3 hxg3+ 49.Kxg3 Rg1+ 50.Kh2 Re1 51.Rb4 Re2 52.Kg3 Re1 53.Rb8 Rg1+ 
54.Kh2 Rf1 55.Kg2 Re1 56.Rg8+ Kf4 57.Rg3 1/2-1/2

[Event "XXV C.to Italiano femminile"]
[Site "Cesenatico ITA"]
[Date "1998.09.02"]
[Round "5"]
[White "Parrino, Giuseppina"]
[Black "Scagliarini, Valentina"]
[Result "0-1"]
[WhiteElo "1840"]
[BlackElo "1762"]
[PlyCount "45"]
[EventDate "1998.08.30"]

1.c4 e6 2.Nc3 d5 3.cxd5 exd5 4.d4 Nf6 5.Nf3 c6 6.g3 Be7 7.Bg2 Bg4 8.Qb3 
Qb6 9.Qxb6 axb6 10.Ne5 Be6 11.O-O Na6 12.a3 Nb4 13.e3 Na6 14.Bd2 Nc7 15.b4
Nd7 16.Nd3 O-O 17.a4 Bf5 18.e4 dxe4 19.Nxe4 Rae8 20.Ne5 Nxe5 21.dxe5 Rd8 
22.b5 Bxe4 23.bxc6 0-1

[Event "XXV C.to Italiano femminile"]
[Site "Cesenatico ITA"]
[Date "1998.09.02"]
[Round "5"]
[White "Sorrentino, Maria"]
[Black "Palmiero, Chiara"]
[Result "1-0"]
[WhiteElo "1573"]
[BlackElo "1500"]
[PlyCount "147"]
[EventDate "1998.08.30"]

1.d4 d5 2.c4 e6 3.Nc3 Nf6 4.cxd5 exd5 5.e3 Bf5 6.Bd3 Bg6 7.Nge2 Be7 8.Nf4 
Bxd3 9.Nxd3 Nbd7 10.O-O O-O 11.Re1 Re8 12.b3 c5 13.dxc5 Nxc5 14.Bb2 Rc8 
15.Nxc5 Bxc5 16.Rc1 Bb4 17.a3 Ba5 18.b4 Bb6 19.Qf3 d4 20.exd4 Rxe1+ 21.
Rxe1 Bxd4 22.Rd1 h6 23.g3 Ne8 24.Na4 Bxf2+ 25.Kxf2 Qc7 26.Qd3 Nd6 27.Kg1 
Ne8 28.Rc1 Qd8 29.Qxd8 Rxd8 30.Rc2 Rd7 31.Be5 Re7 32.Bd4 a6 33.Nb6 Nc7 34.
Bf2 Nd5 35.a4 Nc7 36.Rd2 Ne6 37.Nc8 Re8 38.Rc2 Kf8 39.Nd6 Rd8 40.Nxb7 Re8 
41.Bc5+ Kg8 42.Nd6 Nc7 43.b5 a5 44.Rf2 Nd5 45.Rxf7 Nc3 46.Ra7 Nxa4 47.Ba3 
Rd8 48.Rxa5 Nb6 49.Ra7 Nd5 50.Ne4 Rb8 51.Nd6 Nc3 52.Bb2 Nxb5 53.Nxb5 Rxb5 
54.Bxg7 h5 55.Bf6 Kf8 56.h3 Rf5 57.Bd4 Rf3 58.Kg2 Rd3 59.Bf2 Kg8 60.g4 
hxg4 61.hxg4 Kh8 62.Bg3 Kg8 63.Kh3 Kh8 64.Kh4 Rd2 65.Be5+ Kg8 66.Kg5 Rd5 
67.Kg6 Kf8 68.Kf6 Kg8 69.g5 Rd3 70.Ra8+ Kh7 71.g6+ Kh6 72.Bf4+ Kh5 73.g7 
Rf3 74.Kf5 1-0

[Event "XXV C.to Italiano femminile"]
[Site "Cesenatico ITA"]
[Date "1998.09.03"]
[Round "6"]
[White "Capuano, Francesca"]
[Black "Parrino, Giuseppina"]
[Result "1/2-1/2"]
[WhiteElo "1630"]
[BlackElo "1840"]
[PlyCount "53"]
[EventDate "1998.08.30"]

1.d4 d5 2.Nf3 Nf6 3.c4 e6 4.cxd5 exd5 5.Nc3 c6 6.Qc2 Bb4 7.Bd2 O-O 8.a3 
Bd6 9.Bg5 Nbd7 10.e3 Qa5 11.Bd3 Re8 12.O-O Qc7 13.Rfc1 a6 14.b4 b6 15.Bxf6
Nxf6 16.e4 Bf4 17.Re1 dxe4 18.Nxe4 Nd5 19.Neg5 Bb7 20.Bxh7+ Kf8 21.Bd3 Nf6
22.Bc4 Bxg5 23.Nxg5 Qf4 24.Nh7+ Kg8 25.Nxf6+ Qxf6 26.Rxe8+ Rxe8 27.Rd1 
1/2-1/2

[Event "XXV C.to Italiano femminile"]
[Site "Cesenatico ITA"]
[Date "1998.09.03"]
[Round "6"]
[White "Palmiero, Chiara"]
[Black "Cucoch, Marisa"]
[Result "0-1"]
[WhiteElo "1500"]
[BlackElo "1395"]
[PlyCount "126"]
[EventDate "1998.08.30"]

1.d4 d6 2.Nf3 Nf6 3.Bf4 g6 4.e3 c6 5.Be2 Bg7 6.h3 Bf5 7.O-O Nbd7 8.c4 O-O 
9.Nc3 Nb6 10.Qb3 Rb8 11.c5 Be6 12.Qb4 Nbd5 13.Nxd5 Nxd5 14.Qa3 Nxf4 15.
exf4 a6 16.Rfd1 Qc7 17.Qe3 Rfe8 18.Qd2 b5 19.cxb6 Rxb6 20.b3 Reb8 21.Rac1 
Qb7 22.Ng5 Bd5 23.Qe3 c5 24.dxc5 dxc5 25.Qxc5 e6 26.Nf3 Rc6 27.Qe3 Rxc1 
28.Rxc1 h5 29.Nh4 Qb4 30.Qg3 Qd2 31.Qe3 Qxa2 32.Bc4 Bxc4 33.bxc4 Rc8 34.
Qe4 Qb2 35.Qc2 Qf6 36.g3 Rb8 37.Qa4 Rb2 38.Qa1 Qd4 39.Rf1 Qxc4 40.Rc1 Qe2 
41.Rf1 Bd4 42.Qe1 Qxe1 43.Rxe1 Bxf2+ 44.Kf1 Bxe1 45.Kxe1 Rb3 46.Kf2 a5 47.
Nf3 Kg7 48.Nd2 Rc3 49.Nb1 Rb3 50.Nd2 Rb2 51.Ke3 a4 52.Nc4 Rb3+ 53.Kf2 a3 
54.Nxa3 Rxa3 55.h4 Kf6 56.Kg2 Kf5 57.Kh3 Ra2 58.g4+ hxg4+ 59.Kg3 Ra1 60.
Kf2 Ra3 61.Kg2 Rf3 62.Kh2 Kxf4 63.Kg2 Rh3 0-1

[Event "XXV C.to Italiano femminile"]
[Site "Cesenatico ITA"]
[Date "1998.09.03"]
[Round "6"]
[White "Riegler, Alessandra"]
[Black "Sorrentino, Maria"]
[Result "1-0"]
[WhiteElo "2030"]
[BlackElo "1573"]
[PlyCount "59"]
[EventDate "1998.08.30"]

1.e4 c5 2.Nf3 Nc6 3.c3 Nf6 4.e5 Ng4 5.d4 cxd4 6.cxd4 d6 7.h3 Nh6 8.Bd3 
dxe5 9.dxe5 Nf5 10.O-O Nfd4 11.Bf4 e6 12.Nc3 Be7 13.Rc1 Rb8 14.a3 Bd7 15.
Re1 Nxf3+ 16.Qxf3 Nd4 17.Qd1 Bc6 18.Ne4 Bd5 19.Nd6+ Bxd6 20.exd6 Ra8 21.
Qg4 O-O 22.Be5 Nf3+ 23.gxf3 f6 24.Bg3 f5 25.Qf4 Rf7 26.Rc7 Rd7 27.Qe5 Rc8 
28.Rec1 Ra8 29.Rxd7 Qxd7 30.Rc7 1-0

[Event "XXV C.to Italiano femminile"]
[Site "Cesenatico ITA"]
[Date "1998.09.03"]
[Round "6"]
[White "Scagliarini, Valentina"]
[Black "Agosto, Erika"]
[Result "1/2-1/2"]
[WhiteElo "1762"]
[BlackElo "2040"]
[PlyCount "23"]
[EventDate "1998.08.30"]

1.e4 e5 2.Nf3 Nc6 3.Bb5 a6 4.Bxc6 dxc6 5.d4 Nf6 6.O-O Bg4 7.dxe5 Qxd1 8.
Rxd1 Nxe4 9.Rd4 Bxf3 10.gxf3 Nc5 11.Be3 Ne6 12.Re4 1/2-1/2

[Event "XXV C.to Italiano femminile"]
[Site "Cesenatico ITA"]
[Date "1998.09.04"]
[Round "7"]
[White "Agosto, Erika"]
[Black "Capuano, Francesca"]
[Result "1/2-1/2"]
[WhiteElo "2040"]
[BlackElo "1630"]
[PlyCount "55"]
[EventDate "1998.08.30"]

1.e4 e5 2.Nf3 Nf6 3.Nc3 Nc6 4.Bc4 Nxe4 5.Bxf7+ Kxf7 6.Nxe4 d5 7.Neg5+ Ke8 
8.d4 h6 9.Nh3 Bxh3 10.gxh3 exd4 11.Nxd4 Qe7+ 12.Ne2 Rd8 13.a3 Qe6 14.Qd3 
Kd7 15.Bf4 Kc8 16.O-O-O g5 17.Bd2 Bg7 18.Rhe1 Qf7 19.f4 gxf4 20.Nxf4 Qf6 
21.Qb3 Na5 22.Bxa5 Qxf4+ 23.Kb1 Qc4 24.Qxc4 dxc4 25.Rxd8+ Rxd8 26.Re7 Rd7 
27.Re8+ Rd8 28.Re7 1/2-1/2

[Event "XXV C.to Italiano femminile"]
[Site "Cesenatico ITA"]
[Date "1998.09.04"]
[Round "7"]
[White "Ambrosi, Eleonora"]
[Black "Cucoch, Marisa"]
[Result "1-0"]
[WhiteElo "1500"]
[BlackElo "1395"]
[PlyCount "60"]
[EventDate "1998.08.30"]

1.e4 Nf6 2.e5 Nd5 3.d4 d6 4.Nf3 e6 5.Bd2 Nd7 6.Nc3 dxe5 7.dxe5 c6 8.a3 Qc7
9.Nxd5 exd5 10.Bc3 Nc5 11.b3 Be6 12.g3 Ne4 13.Bd4 Qa5+ 14.b4 Qa4 15.Bb2 
Be7 16.Nd2 O-O-O 17.Bg2 Qb5 18.c4 Qb6 19.Nxe4 dxe4 20.Qc2 e3 21.c5 exf2+ 
22.Qxf2 Qb5 23.Qc2 Bg4 24.Bf1 Qxf1+ 25.Rxf1 Rd7 26.Rxf7 Rhd8 27.Bc3 Rd1+ 
28.Rxd1 Bxd1 29.Qf5+ Rd7 30.Rxe7 Bg4 1-0

[Event "XXV C.to Italiano femminile"]
[Site "Cesenatico ITA"]
[Date "1998.09.04"]
[Round "7"]
[White "Costantini, Laura"]
[Black "Palmiero, Chiara"]
[Result "1-0"]
[WhiteElo "1540"]
[BlackElo "1500"]
[PlyCount "101"]
[EventDate "1998.08.30"]

1.e4 Nf6 2.Nc3 d5 3.exd5 Nxd5 4.Nxd5 Qxd5 5.d4 Nc6 6.Be3 Bf5 7.c3 e6 8.Nf3
Be7 9.Be2 O-O 10.O-O Bf6 11.Qd2 Rad8 12.Rfd1 e5 13.Bg5 Qe6 14.d5 Qe8 15.
Bxf6 gxf6 16.Qh6 Ne7 17.Qxf6 e4 18.Nd4 Bd7 19.c4 Ng6 20.Nf5 Bxf5 21.Qxf5 
e3 22.Rf1 exf2+ 23.Qxf2 Qe5 24.Bd3 b6 25.Rac1 Qd6 26.Qf5 Qc5+ 27.Kh1 c6 
28.dxc6 Qxc6 29.b3 Qd6 30.Rcd1 Qa3 31.Rf2 Rde8 32.Bb1 Qb4 33.Rff1 Re7 34.
h4 Qc3 35.h5 Qe5 36.hxg6 Qxf5 37.Rxf5 hxg6 38.Rff1 Kg7 39.Rfe1 Rxe1+ 40.
Rxe1 Rh8+ 41.Kg1 Rd8 42.Kf2 Rd2+ 43.Kf3 Kf6 44.Re2 Rd7 45.Be4 Kg5 46.Bd5 
f6 47.Re8 Kh6 48.Rf8 Kg5 49.Rf7 Rxf7 50.Bxf7 Kf5 51.b4 1-0

[Event "XXV C.to Italiano femminile"]
[Site "Cesenatico ITA"]
[Date "1998.09.04"]
[Round "7"]
[White "Parrino, Giuseppina"]
[Black "De Maio, Anna"]
[Result "1-0"]
[WhiteElo "1840"]
[BlackElo "1489"]
[PlyCount "41"]
[EventDate "1998.08.30"]

1.e4 e5 2.Nc3 Nf6 3.f4 Bc5 4.fxe5 Nxe4 5.Nxe4 Qh4+ 6.Ng3 Bxg1 7.Rxg1 Qxh2 
8.Kf2 Qh6 9.d4 Qb6 10.c3 Nc6 11.Qb3 Nxe5 12.Qxb6 Ng4+ 13.Kf3 Nh2+ 14.Kf4 
g5+ 15.Ke4 axb6 16.Be2 d6 17.Bxg5 d5+ 18.Kf4 Rg8 19.Nh5 Kf8 20.Nf6 h6 21.
Bxh6+ 1-0

[Event "XXV C.to Italiano femminile"]
[Site "Cesenatico ITA"]
[Date "1998.09.04"]
[Round "7"]
[White "Riegler, Alessandra"]
[Black "Barbiso, Tiziana"]
[Result "1/2-1/2"]
[WhiteElo "2030"]
[BlackElo "1846"]
[PlyCount "42"]
[EventDate "1998.08.30"]

1.e4 e6 2.d4 d5 3.Nc3 Nf6 4.e5 Nfd7 5.f4 c5 6.Nf3 Nc6 7.Be3 Qb6 8.Qd2 Qa5 
9.Be2 cxd4 10.Nxd4 Bb4 11.Nb3 Bxc3 12.Nxa5 Bxd2+ 13.Bxd2 Nd4 14.Bd3 Nc5 
15.Rc1 b6 16.Bc3 Nxd3+ 17.cxd3 Nf5 18.Nb3 Ba6 19.Kd2 Kd7 20.Nd4 Ne7 21.Bb4
Ng6 1/2-1/2

[Event "XXV C.to Italiano femminile"]
[Site "Cesenatico ITA"]
[Date "1998.09.04"]
[Round "7"]
[White "Sorrentino, Maria"]
[Black "Scagliarini, Valentina"]
[Result "0-1"]
[WhiteElo "1573"]
[BlackElo "1762"]
[PlyCount "103"]
[EventDate "1998.08.30"]

1.d4 d5 2.c4 e6 3.Nc3 Nf6 4.cxd5 exd5 5.e3 c6 6.Bd3 Bd6 7.Nge2 O-O 8.Nf4 
Re8 9.O-O Nbd7 10.Bd2 Nf8 11.Be2 Bf5 12.f3 Qd7 13.a3 Qe7 14.b4 a6 15.Re1 
Ng6 16.Nxg6 Bxg6 17.e4 dxe4 18.fxe4 Nxe4 19.Bf3 Nxc3 20.Rxe7 Nxd1 21.Rxe8+
Rxe8 22.Rxd1 Kf8 23.Re1 Rxe1+ 24.Bxe1 Bf4 25.Bc3 Be3+ 26.Kf1 Bd3+ 27.Be2 
Bxe2+ 28.Kxe2 Bg5 29.Kd3 Ke7 30.Ke4 Ke6 31.g4 g6 32.a4 f5+ 33.gxf5+ gxf5+ 
34.Kd3 Kd5 35.Be1 Bf6 36.Bf2 b6 37.h3 Be7 38.Be1 Bf6 39.Bf2 Be7 40.Be1 Bd6
41.Bd2 Be7 42.Be1 Bd6 43.Bd2 Bg3 44.Bc3 f4 45.Bd2 f3 46.Bg5 f2 47.Ke2 Kxd4
48.Bd8 Kc4 49.b5 axb5 50.axb5 Kxb5 51.Bf6 Kc4 52.h4 0-1

[Event "XXV C.to Italiano femminile"]
[Site "Cesenatico ITA"]
[Date "1998.09.05"]
[Round "8"]
[White "Barbiso, Tiziana"]
[Black "Agosto, Erika"]
[Result "1-0"]
[WhiteElo "1846"]
[BlackElo "2040"]
[PlyCount "83"]
[EventDate "1998.08.30"]

1.e4 e5 2.Nf3 Nc6 3.Nc3 Nf6 4.Bb5 Bc5 5.O-O O-O 6.Nxe5 Nxe5 7.d4 Bb4 8.
dxe5 Bxc3 9.bxc3 Nxe4 10.Qd4 f5 11.Bc4+ Kh8 12.Ba3 d6 13.f3 Nc5 14.Bxc5 
dxc5 15.Qxc5 b6 16.Qe3 f4 17.Qe2 Qe7 18.Rad1 Bf5 19.Rfe1 Rad8 20.e6 Rfe8 
21.Rxd8 Rxd8 22.Qe5 Bg6 23.Qxf4 h6 24.Qe3 Re8 25.Bd3 Bh7 26.f4 Rf8 27.Bxh7
Kxh7 28.Qe4+ Kg8 29.Rd1 Re8 30.f5 Qc5+ 31.Qd4 Qe7 32.Qe5 Rd8 33.Rxd8+ Qxd8
34.Qd4 Qe7 35.h3 Kf8 36.Qb4 c5 37.Qe4 Qc7 38.Qa8+ Ke7 39.Qd5 Kf8 40.Qa8+ 
Ke7 41.Qg8 Kd6 42.Qf8+ 1-0

[Event "XXV C.to Italiano femminile"]
[Site "Cesenatico ITA"]
[Date "1998.09.05"]
[Round "8"]
[White "Capuano, Francesca"]
[Black "Riegler, Alessandra"]
[Result "0-1"]
[WhiteElo "1630"]
[BlackElo "2030"]
[PlyCount "68"]
[EventDate "1998.08.30"]

1.d4 Nf6 2.Nf3 g6 3.c4 Bg7 4.Nc3 O-O 5.e4 d6 6.Be2 Nbd7 7.O-O e5 8.d5 a5 
9.Qc2 Nc5 10.Bg5 h6 11.Be3 b6 12.Nd2 Ne8 13.a3 f5 14.exf5 gxf5 15.f4 Bd7 
16.fxe5 dxe5 17.b4 axb4 18.axb4 Nb7 19.Nb3 f4 20.Rxa8 Qxa8 21.Bf2 Bf5 22.
Bd3 Nbd6 23.c5 bxc5 24.bxc5 Bxd3 25.Qxd3 Nf5 26.Qc4 Kh8 27.Rc1 Qd8 28.Ne4 
Nf6 29.Nxf6 Bxf6 30.Rd1 Qd7 31.Nd2 Bh4 32.Bxh4 Nxh4 33.Qe4 Qg7 34.Re1 f3 
0-1

[Event "XXV C.to Italiano femminile"]
[Site "Cesenatico ITA"]
[Date "1998.09.05"]
[Round "8"]
[White "De Maio, Anna"]
[Black "Palmiero, Chiara"]
[Result "1-0"]
[WhiteElo "1489"]
[BlackElo "1500"]
[PlyCount "75"]
[EventDate "1998.08.30"]

1.e4 Nf6 2.e5 Nd5 3.Nc3 Nb6 4.d4 d6 5.f4 dxe5 6.fxe5 Nc6 7.Be3 Bf5 8.Nf3 
e6 9.Be2 Be7 10.O-O O-O 11.Qd2 Qd7 12.a3 Rad8 13.Kh1 Qc8 14.Bf2 a6 15.Rad1
Rd7 16.b4 Rfd8 17.Bd3 Bxd3 18.Qxd3 h6 19.Qe2 Nd5 20.Nxd5 Rxd5 21.c4 R5d7 
22.Be3 Qb8 23.Qf2 b6 24.Nd2 Rf8 25.Qg3 Kh7 26.Ne4 Qd8 27.Qf2 Na7 28.Ng3 c5
29.Nh5 cxb4 30.Qg3 Rg8 31.Rxf7 Bf8 32.Nf6+ Kh8 33.Nxd7 Qe8 34.Rdf1 Be7 35.
Nxb6 bxa3 36.Qg6 a2 37.Bxh6 Nc6 38.Bxg7+ 1-0

[Event "XXV C.to Italiano femminile"]
[Site "Cesenatico ITA"]
[Date "1998.09.05"]
[Round "8"]
[White "Scagliarini, Valentina"]
[Black "Costantini, Laura"]
[Result "0-1"]
[WhiteElo "1762"]
[BlackElo "1540"]
[PlyCount "79"]
[EventDate "1998.08.30"]

1.e4 e5 2.Nf3 d6 3.d4 exd4 4.Nxd4 Nf6 5.Nc3 Be7 6.Bd3 O-O 7.O-O Nbd7 8.Nf5
Nc5 9.Nxe7+ Qxe7 10.Bg5 Qe5 11.Bxf6 Qxf6 12.Qd2 Bd7 13.b3 Rfe8 14.Nd5 Qd8 
15.f3 Be6 16.Ne3 Qf6 17.c3 Rad8 18.Bc4 Qh6 19.Rad1 Bxc4 20.Nxc4 Qf6 21.Qd4
Qe7 22.Ne3 Qe5 23.Qxe5 dxe5 24.Rc1 Rd2 25.Rc2 Rxc2 26.Nxc2 Rd8 27.h3 Rd2 
28.Rf2 Rd1+ 29.Kh2 Rd3 30.c4 Kf8 31.Nb4 Rd1 32.Nd5 c6 33.Ne3 Rd8 34.Ng4 f6
35.Re2 Ke7 36.Kg3 Nd3 37.Rd2 Nc1 38.Rxd8 Kxd8 39.Ne3 Nxa2 40.Nf5 0-1

[Event "XXV C.to Italiano femminile"]
[Site "Cesenatico ITA"]
[Date "1998.09.06"]
[Round "9"]
[White "Agosto, Erika"]
[Black "Cucoch, Marisa"]
[Result "1-0"]
[WhiteElo "2040"]
[BlackElo "1395"]
[PlyCount "55"]
[EventDate "1998.08.30"]

1.e4 e5 2.Nf3 Nc6 3.Bc4 Nf6 4.Ng5 Bc5 5.Nxf7 Bxf2+ 6.Kf1 Qe7 7.Nxh8 Nxe4 
8.Qf3 Ng5 9.Qxf2 Nd4 10.d3 Qf6 11.Qxf6 gxf6 12.Bxg5 fxg5 13.Na3 d6 14.Nb5 
Nxb5 15.Bxb5+ Ke7 16.h4 Be6 17.hxg5 Rxh8 18.Ke2 Bg4+ 19.Kd2 c6 20.Ba4 b5 
21.Bb3 d5 22.Rae1 Ke6 23.d4 e4 24.Rxe4+ Kf5 25.Re7 Kxg5 26.Rhxh7 Rf8 27.
Reg7+ Kf4 28.Rh4 1-0

[Event "XXV C.to Italiano femminile"]
[Site "Cesenatico ITA"]
[Date "1998.09.06"]
[Round "9"]
[White "Ambrosi, Eleonora"]
[Black "Barbiso, Tiziana"]
[Result "0-1"]
[WhiteElo "1500"]
[BlackElo "1846"]
[PlyCount "49"]
[EventDate "1998.08.30"]

1.e4 e6 2.d4 d5 3.Nd2 Nc6 4.Ngf3 Nf6 5.e5 Nd7 6.Bd3 Nb4 7.Be2 c5 8.c3 Nc6 
9.O-O Be7 10.Re1 O-O 11.Nf1 cxd4 12.cxd4 f6 13.exf6 Nxf6 14.Ng3 Bd6 15.b3 
Qc7 16.Bb2 Bd7 17.Rc1 Rae8 18.Bd3 Qb6 19.Ne5 Bxe5 20.dxe5 Ne4 21.Bxe4 
Qxf2+ 22.Kh1 Qxb2 23.Rc2 Qd4 24.Rd2 Qb4 25.Bd3 0-1

[Event "XXV C.to Italiano femminile"]
[Site "Cesenatico ITA"]
[Date "1998.09.06"]
[Round "9"]
[White "Parrino, Giuseppina"]
[Black "Sorrentino, Maria"]
[Result "1-0"]
[WhiteElo "1840"]
[BlackElo "1573"]
[PlyCount "31"]
[EventDate "1998.08.30"]

1.e4 c5 2.Nc3 Nc6 3.f4 d6 4.Nf3 Nf6 5.Bc4 e6 6.d3 Be7 7.O-O a6 8.a3 b5 9.
Ba2 Bb7 10.f5 d5 11.fxe6 fxe6 12.Ng5 Qd6 13.Nxe6 Qxe6 14.exd5 Nxd5 15.Nxd5
O-O-O 16.Nb6+ 1-0

[Event "XXV C.to Italiano femminile"]
[Site "Cesenatico ITA"]
[Date "1998.09.06"]
[Round "9"]
[White "Scagliarini, Valentina"]
[Black "De Maio, Anna"]
[Result "1-0"]
[WhiteElo "1762"]
[BlackElo "1489"]
[PlyCount "45"]
[EventDate "1998.08.30"]

1.e4 e5 2.Nf3 Nc6 3.Bb5 a6 4.Bxc6 dxc6 5.d4 exd4 6.Qxd4 Qxd4 7.Nxd4 Bd6 8.
Be3 Nf6 9.f3 Be5 10.c3 Bd7 11.Nd2 b5 12.Ne2 Bd6 13.Nb3 O-O 14.Bf4 Nh5 15.
Bxd6 cxd6 16.O-O-O Be6 17.Rxd6 Bxb3 18.axb3 Rac8 19.Kc2 Rfd8 20.Rxd8+ Rxd8
21.Ra1 Re8 22.g4 Nf6 23.Rxa6 1-0